000 00416cam a2200181ua 4500
020 _c2.00
041 _ahin
_h
082 _a891.54
_bSHA/BH
100 _aShakespeare, William.
245 _aBhulbhulaiya /
_cShakespeare.
_hTextual Documents
250 _a1 /
_b.
260 _a :
_bRajpal and Sanch ,
_c1958.
300 _a103 ; .
365 _a2.00
504 _a
942 _cBK
999 _c6433
_d6433